Statistics for The Clash London Calling

Click here to take the quiz!

General Stats

  • This quiz has been taken 198 times
  • The average score is 8 of 19

Answer Stats

HintAnswer% Correct
1London Calling
100%
2Brand New Cadillac
69%
3Jimmy Jazz
61%
19Train in Vain
58%
6Spanish Bombs
50%
8Lost in the Supermarket
47%
4Hateful
46%
5Rudie Can't Fail
45%
18Revolution Rock
42%
9Clampdown
40%
10Guns of Brixton
39%
12Death or Glory
34%
13Koka Kola
34%
15Lover's Rock
33%
11Wrong 'Em Boyo
31%
17I'm Not Down
30%
16Four Horsemen
29%
14The Card Cheat
26%
7The Right Profile
26%

Score Distribution

Percentile by Number Answered

Percent of People with Each Score

Your Score History

You have not taken this quiz